[Event "1st Gujarat GM Open 2018"]
[Site "Ahmedabad"]
[Date "2018.10.10"]
[Round "8"]
[White "Nayak Rajesh"]
[Black "Fominyh, Alexander"]
[Result "1/2-1/2"]
[WhiteElo "2084"]
[BlackElo "2405"]
[Annotator "TA"]
[PlyCount "82"]
[EventDate "2018.10.05"]
[EventType "swiss"]
[EventCountry "IND"]
[SourceTitle "playchess.com"]
[Source "ChessBase"]
[SourceQuality "1"]

{[%evp 11,82,11,16,14,12,0,0,0,19,0,3,0,0,0,0,0,0,0,0,-7,0,0,0,-10,0,5,48,16,11,0,2,0,10,-25,0,0,0,0,0,0,17,0,12,0,0,0,18,16,5,6,21,0,0,0,0,0,0,0,0,0,0,0,0,0,0,0,0,0,0,0,0,0,0]} 1. e4 c5 2. Nf3 e6 3. d4 cxd4 4. Nxd4 a6 5. Nc3 b5 6. Be3 Bb7 7. Bd3 {B43: Sicilian: Kan Variation: 5 Nc3} (7. Nb3 Qc7 8. Qd4 Nf6 9. f3 d5 10. exd5 Nxd5 11. Nxd5 {½-½ (11) Plat,V (2566)-Stocek,J (2568) Ostrava 2018}) 7... b4 8. Nce2 Nf6 9. f3 e5 $146 ({Predecessor:} 9... Qc7 10. Qd2 d5 11. e5 Nfd7 12. f4 Nc6 13. Nxc6 Bxc6 14. Nd4 Bb7 {0-1 (67) Khobotova,O (2000)-Kindinova,E (2185) Kostroma 2010}) 10. Nb3 d5 {[%cal Rd5e4]} 11. exd5 Nxd5 12. Bf2 Nd7 13. O-O Be7 14. c4 bxc3 15. Nxc3 Nxc3 16. bxc3 Qc7 17. Rb1 Bc6 18. Qe2 a5 19. Kh1 a4 20. Nd2 O-O 21. Nc4 Rab8 22. f4 {[%cal Rc4e5]} e4 23. Rxb8 {The position is equal.} Rxb8 24. Bxe4 Bxe4 25. Qxe4 Nf6 26. Qe2 Bc5 27. Qe5 Qxe5 28. fxe5 Ne4 29. Bxc5 Nxc5 $11 {[%mdl 4096] Endgame KRN-KRN} 30. h3 Ne4 {[#] White must now prevent ...Ng3+.} 31. Rc1 Kf8 32. Kh2 Ke7 33. Nd6 Nxd6 34. exd6+ Kxd6 {KR-KR} 35. Rd1+ Ke6 {...Rb2 is the strong threat.} 36. Rd4 Rc8 37. Rxa4 Rxc3 38. Rg4 g6 39. a4 Ra3 40. Rb4 h5 41. h4 f6 {Precision: White = 73%, Black = 56%.} 1/2-1/2

[Event "1st Gujarat GM Open 2018"]
[Site "Ahmedabad"]
[Date "2018.10.10"]
[Round "8"]
[White "Pranesh M"]
[Black "Babujian, Levon"]
[Result "0-1"]
[WhiteElo "2028"]
[BlackElo "2456"]
[Annotator "TA"]
[PlyCount "74"]
[EventDate "2018.10.05"]
[EventType "swiss"]
[EventCountry "IND"]
[SourceTitle "playchess.com"]
[Source "ChessBase"]
[SourceQuality "1"]

{[%evp 19,74,14,23,0,0,-20,13,13,10,10,10,0,6,-6,-15,-3,-5,0,0,-10,0,-37,-27,-45,-23,-29,-23,-51,-22,-47,-18,-24,-23,-52,-21,-25,-17,-10,-16,-10,-12,-18,0,-9,-8,-18,-8,-301,-297,-273,-264,-29989,-29990,-29992,-29993,-29993,-29994]} 1. e4 c5 2. Nf3 d6 3. Nc3 e6 4. g3 Nc6 5. d4 cxd4 6. Nxd4 Nf6 7. Bg2 Bd7 8. O-O Be7 9. Nxc6 {B80: Sizilianisch (Scheveninger System)} (9. Nce2 Nxd4 10. Nxd4 Rc8 11. Qd3 Ng4 12. Qe2 Qb6 13. Qxg4 Qxd4 14. c3 h5 15. Qf3 Qc4 16. Be3 a6 17. Rfc1 {1-0 (65) Oleksienko,M (2615)-Grandelius,N (2653) Germany 2018}) 9... Bxc6 10. Be3 O-O {LiveBook: 10 Partien} 11. f4 {Weiß hat minimalen Vorteil.} Qa5 $146 ({Vorgänger:} 11... Qc7 12. Qe2 b5 13. a3 Qb7 14. e5 Bxg2 15. Qxg2 Qxg2+ 16. Kxg2 dxe5 17. fxe5 Ng4 {0-1 (45) Punya Man,K-Momeni,H (2295) Teheran 1997}) 12. Qd2 Ng4 13. Nd5 $1 {[%cal Rd5e7]} Bd8 14. Ne7+ Kh8 15. Nxc6 bxc6 16. Kh1 ({Nur nicht} 16. Qxd6 $2 Bc7 $19) 16... Nxe3 17. Qxe3 Rb8 18. b3 Qa3 19. c4 Bb6 20. Qe2 Bd4 21. Rad1 c5 22. f5 Rbe8 23. g4 Qa5 24. Rd3 Qd8 25. Qd2 exf5 26. gxf5 Qf6 27. b4 Be5 {Und ...cxb4 würde nun gewinnen.} 28. b5 g5 29. fxg6 Qxg6 30. Rh3 Re6 31. a4 Rg8 32. a5 Qg7 $40 {[%mdl 128] [#] Droht ...Tg6 und aus. Schwarz hat was vor.} 33. a6 $2 {[%mdl 8192]} (33. Rf5 $1 $11) 33... Rg6 $19 {[%cal Rg6g2]} 34. Rf2 Bd4 35. Re2 $2 {[#]} (35. Rg3 $19 Bxf2 36. Qxf2) 35... Bf2 $1 {[%mdl 512] Schwarz setzt Matt.} 36. Qb2 (36. Rxf2 Qa1+) 36... Qxb2 37. Rxb2 Rxg2 {Precision: Weiß = 35%, Schwarz = 66%.} 0-1

[Event "1st Gujarat GM Open 2018"]
[Site "Ahmedabad"]
[Date "2018.10.10"]
[Round "8"]
[White "Shyam Prasad Reddy K"]
[Black "Bhambure, Shantanu"]
[Result "1/2-1/2"]
[WhiteElo "2014"]
[BlackElo "2243"]
[Annotator "TA"]
[PlyCount "156"]
[EventDate "2018.10.05"]
[EventType "swiss"]
[EventCountry "IND"]
[SourceTitle "playchess.com"]
[Source "ChessBase"]
[SourceQuality "1"]

{[%evp 22,156,35,29,47,38,45,43,45,21,34,0,0,0,12,-14,-20,-27,-27,-27,-26,-27,-21,-71,-66,-86,-81,-98,-100,-107,-105,-160,-171,-150,-141,-126,-126,-130,-129,-210,-136,-136,-119,-127,-108,-118,-119,-183,-69,-215,-84,-83,-83,-78,-77,-87,-85,-89,-21,-75,-62,-88,-70,-73,-79,-98,-113,-108,-77,-143,-137,-205,-96,-83,-72,-76,-70,-68,-2,-171,-51,-68,0,-6,-15,-722,-718,-693,-547,-873,-866,-933,-933,-905,-779,-727,-651,-651,-645,-654,-613,-597,-587,-565,-565,-2075,-2020,-2013,-2013,-2002,-1988,-1973,-1947,-1981,-1911,-2068,-1999,-1999,-1981,-1966,-1943,-1918,-1911,-2411,-1700,-1820,-1726,-1477,-1470,-1907,-1383,-1435,-1370,-1389,-1346,-1332,-1300]} 1. e4 e5 2. Nf3 Nc6 3. Bb5 a6 4. Ba4 Nf6 5. O-O Be7 6. Bxc6 dxc6 7. d3 Nd7 8. Nbd2 {[%cal Bb1d2,Bd2c4,Bc4e3,Be3d5][%mdl 32]} O-O 9. Nc4 Bf6 10. b3 Re8 11. Bb2 c5 12. a4 a5 {C85: Closed Ruy Lopez: Deferred Exchange Variation} (12... b6 13. h3 Rb8 14. Ra2 Re6 15. Qa1 Qe8 16. Bc3 c6 17. Nh2 Bd8 18. f4 exf4 19. Bxg7 b5 20. Nd2 Rg6 {1-0 (35) Andreikin,D (2734)-Panchanathan,M (2494) Reykjavik 2017}) 13. Ra2 $146 ({Predecessor:} 13. h3 b6 14. Nh2 Nb8 15. Ng4 Bxg4 16. hxg4 Nc6 17. g3 Nd4 18. Kg2 Qd7 19. Ne3 g6 20. Bc1 {1-0 (34) Godena,M (2533)-Notkin,M (2471) playchess.com INT 2004}) 13... Qe7 14. Ne3 Qe6 {White is slightly better.} 15. Nd5 Bd8 $1 16. Qd2 c6 17. Ne3 Bc7 18. h3 Nf8 19. Nh2 Qg6 20. Kh1 Ne6 21. Qd1 Nd4 22. c3 Ne6 23. Ba3 b6 24. Qf3 Nf4 25. Rd2 Be6 26. Rb1 ({White should play} 26. c4) 26... Rad8 $17 27. Qd1 Rd7 28. Qc2 Red8 {[%cal Rf4d3]} 29. Rbd1 f6 $36 {[%mdl 2048] Black is really pushing.} 30. Nhg4 (30. c4 $17 {was called for.}) 30... h5 31. Nh2 Qf7 32. c4 Rd6 33. Nf3 Qd7 34. Ne1 {[#]} (34. Kg1 $17) 34... Kf7 (34... Bxh3 $1 $19 {[%mdl 512] Hoping for ...Be6.} 35. gxh3 Qxh3+ 36. Kg1 f5 $1 {[%mdl 512]}) 35. Kh2 ({White should try} 35. h4 $15) 35... Rh8 (35... Bxh3 $1 $19 {is more deadly. White must now prevent ...Rh8.} 36. gxh3 Qxh3+ 37. Kg1 g6) 36. h4 Bg4 37. f3 Be6 $1 38. g3 {[#]} Ng6 $1 39. Rf2 Ne7 (39... Ke8 $17) 40. Qe2 (40. Bb2 $11 {keeps the balance.}) 40... Ke8 41. N1g2 g5 42. Bb2 {[#]} Ng6 $1 43. hxg5 fxg5 44. Nf5 Bxf5 45. exf5 Qxf5 46. Qe4 (46. f4 $17 {was worth a try.} gxf4 47. Nxf4) 46... Qxe4 (46... Qe6 $19 {and Black stays clearly on top.} 47. Ne3 Rf8) 47. fxe4 h4 48. Rf5 hxg3+ 49. Kxg3 Bd8 (49... Rh5 $15 50. Bc1 Bd8) 50. Ne3 $2 (50. Rxe5+ $1 $11 {and White is okay.} Kd7 51. Rf5) 50... Re6 ({Better is} 50... Nf4 $19 51. Rxe5+ Kd7 52. Re7+ Bxe7 53. Bxh8 Rxd3 54. Rxd3+ Nxd3) 51. Ng4 Bc7 (51... Nf4 $15 52. Bxe5 Rh3+ 53. Kf2 Rxd3 54. Rxd3 Nxd3+ 55. Ke3 Nc1) 52. Rdf1 Nf4 {aiming for ...Rh3+.} 53. Nxe5 $2 {[%mdl 8192]} (53. Bxe5 $11 Rh3+ 54. Kf2) 53... Nxd3 $19 {Black is clearly winning.} 54. Rf6 Rxe5 55. Bxe5 Bxe5+ 56. Kg4 Bxf6 57. Rxf6 {[%mdl 4096] Endgame KRN-KR} Ne5+ 58. Kf5 Nd7 59. Rxc6 {Rc8+ is the strong threat.} Rf8+ 60. Kxg5 Rf3 61. e5 Rxb3 62. Kf5 Kd8 63. e6 Nb8 64. Rd6+ Ke7 65. Rd1 Rf3+ 66. Ke4 Rf6 67. Rh1 Rxe6+ 68. Kd5 Rd6+ 69. Ke4 Nc6 70. Rh7+ Kd8 71. Rb7 Nb4 72. Ke5 Rh6 73. Rg7 Nc6+ 74. Kd5 Ne7+ 75. Ke5 Kd7 76. Ke4 Rh4+ 77. Kd3 Rh3+ 78. Ke4 Rc3 {[%mdl 32768] Precision: White = 42%, Black = 49%. . An unexpected result.} 1/2-1/2

[Event "1st Gujarat GM Open 2018"]
[Site "Ahmedabad"]
[Date "2018.10.10"]
[Round "8"]
[White "Shiva Pavan Teja Sharma U"]
[Black "Srija, Seshadri"]
[Result "1/2-1/2"]
[WhiteElo "2005"]
[BlackElo "2246"]
[Annotator "TA"]
[PlyCount "73"]
[EventDate "2018.10.05"]
[EventType "swiss"]
[EventCountry "IND"]
[SourceTitle "playchess.com"]
[Source "ChessBase"]
[SourceQuality "1"]

{[%evp 17,73,23,6,-2,8,-18,-6,-27,-3,-18,0,0,4,0,29,0,7,-21,-5,-26,-33,-20,0,-6,42,35,31,36,66,40,94,33,31,36,36,45,96,89,83,82,115,0,0,0,0,0,0,0,238,0,0,0,0,0,0,0,0,0]} 1. e4 e5 2. Nf3 Nc6 3. Bb5 a6 4. Ba4 Nf6 5. O-O b5 6. Bb3 Bc5 {[#]} 7. Nxe5 $1 {[%mdl 512]} Nxe5 8. d4 Bxd4 9. Qxd4 d6 {Strongly threatening ...c5.} 10. Qd1 {C78: Ruy Lopez: Archangelsk and Möller Defences} (10. a4 Rb8 11. Bf4 O-O 12. Nc3 c5 13. Qe3 c4 14. Ba2 b4 15. Ne2 Be6 16. f3 b3 17. Bb1 h6 {½-½ (74) Kulaots,K (2579)-Narayanan,S (2532) Stockholm 2018}) 10... O-O ({But not} 10... Nxe4 $2 11. f4 $18) 11. f3 c5 {White must now prevent ...c4.} 12. Bd5 Nxd5 13. Qxd5 Be6 14. Qd1 f5 {Hoping for ...fxe4.} 15. Nc3 Ra7 $146 ({Predecessor:} 15... b4 16. Nd5 fxe4 17. fxe4 Rxf1+ 18. Qxf1 Bxd5 19. exd5 {½-½ (42) Schneider,D (2255)-Baldauf,M (2236) Kelheim 2007}) 16. Bf4 Rd7 {...fxe4 is the strong threat.} 17. b3 (17. Re1 {seems wilder.} fxe4 18. Rxe4 b4 19. Na4 Bf5 20. Qd5+) 17... Ng6 18. Qd2 Nxf4 19. Qxf4 Qf6 20. Qd2 Qg6 21. Rae1 fxe4 22. Nxe4 h5 23. c3 Bf5 (23... c4 $14) 24. Qd5+ (24. Ng5 $1 $16) 24... Kh7 $14 25. h4 Bxe4 $1 26. Rxe4 Rdf7 (26... Rdd8 $14) 27. Re6 $16 Rf6 {[#]} 28. Rfe1 $1 a5 29. Qxd6 ({White should try} 29. Kh2 $16) 29... Re8 $1 $11 30. Rxf6 Rxe1+ {[%mdl 4096] Endgame KQR-KQR} 31. Kf2 Qb1 32. Re6 $1 {[%cal Re6e1]} Rg1 $2 {[#]} (32... Rxe6 $11 33. Qxe6 Qxa2+ 34. Kg3 Qd2) 33. Rh6+ $2 ({Weaker is} 33. Qxc5 Qf1+ 34. Ke3 Qe1+ 35. Kf4 Qxh4+ 36. g4 Qg3+ 37. Kg5 Qxf3 $11) (33. Qd2 $1 $18) 33... gxh6 {[%csl Gg1][%cal Rb1e1] The position is equal.} 34. Qe7+ Kg6 35. Qe6+ Kg7 36. Qe7+ Kg6 {( -> ...Qf1+)} 37. Qe6+ {Precision: White = 30%, Black = 42%.} 1/2-1/2

[Event "1st Gujarat GM Open 2018"]
[Site "Ahmedabad"]
[Date "2018.10.10"]
[Round "8"]
[White "Suvradeepta, Das"]
[Black "Ikramul, Haq Siam"]
[Result "1/2-1/2"]
[WhiteElo "2005"]
[BlackElo "2180"]
[Annotator "TA"]
[PlyCount "97"]
[EventDate "2018.10.05"]
[EventType "swiss"]
[EventCountry "IND"]
[SourceTitle "playchess.com"]
[Source "ChessBase"]
[SourceQuality "1"]

{[%evp 9,97,31,41,60,73,68,58,58,78,71,80,52,57,57,48,40,47,45,47,48,62,0,10,0,12,-49,19,-21,-16,-15,47,0,3,0,0,-6,0,0,31,27,38,23,27,26,34,34,26,35,35,34,36,33,27,0,0,0,2,0,33,0,8,-11,18,0,28,16,92,78,69,36,27,29,27,13,26,26,117,115,141,130,130,130,134,0,104,0,129,0,100,0]} 1. c4 e5 2. Nc3 Bb4 3. Nd5 Bc5 4. e3 c6 5. d4 Bf8 (5... cxd5 6. dxc5 Qa5+ 7. Bd2 Qxc5 8. Qg4 g6 9. b4 Qd6 10. cxd5 Nf6 11. Qc4 Na6 12. Rc1 b6 {1-0 (64) So,W (2812)-Bacrot,E (2708) Paris 2017 CBM 179 [Yermolinsky,A]}) 6. Nc3 {A21: English Opening: 1...e5 2 Nc3} d6 7. Nf3 Nd7 8. Be2 {White is slightly better.} Ngf6 9. O-O Be7 10. b4 $146 ({Predecessor:} 10. Qc2 O-O 11. Rd1 Qc7 12. Bd2 Re8 13. b4 Bf8 {½-½ (77) Bruno,F (2453)-Laketic,G (2451) Positano 2008}) 10... O-O 11. Bb2 Re8 12. Qc2 Bf8 13. Rfd1 e4 14. Nd2 $1 {[%cal Rc3e4]} d5 15. cxd5 (15. b5 $14) 15... cxd5 $11 16. Qb3 Nb6 17. Rdc1 (17. h3 $11) 17... Bg4 (17... Ng4 $15) 18. Bf1 Rc8 19. a4 {[%cal Ba2a4,Ba4a5][%mdl 32]} Bd6 ({Better is} 19... Be6 $1 $11) 20. g3 (20. a5 $5 {[%cal Ra5b6]} Na8 21. h3 $16) 20... Be6 21. a5 $36 {[%mdl 2048] White fights for an advantage.} Nbd7 22. Na4 Qe7 23. Nc5 Bf5 24. Nxb7 Bxb4 25. Bc3 Rxc3 26. Rxc3 {Hoping for Rc2.} Rb8 27. a6 {Strongly threatening Rc2.} Bxc3 28. Qxc3 Nb6 29. Qc5 Kf8 30. Nb3 Rc8 31. Qxe7+ Kxe7 32. N3c5 Ne8 33. Be2 Bd7 34. f3 f5 35. h3 Nd6 36. f4 Rg8 37. Kf2 (37. Rc1 {is interesting.} Ndc4 38. Nxd7 Nxd7 39. Bxc4 Rc8 40. Nc5) 37... g5 (37... Ndc4 $11) 38. fxg5 Rxg5 39. Nxd6 (39. Nxd7 {feels hotter.} Kxd7 40. Ra5 Rg8 41. Rc5 Rb8 42. Na5) 39... Kxd6 40. Nxd7 Kxd7 $16 {[%mdl 4096] Endgame KRB-KRN} 41. Bb5+ Kd8 42. Bc6 {And now Ra5 would win.} Rg7 (42... Rg6 $11 43. Bb7 Ke7) 43. Ra5 Rc7 44. Bxd5 Rc2+ 45. Kf1 Rc3 46. Kf2 Rc2+ 47. Kf1 Rc3 48. Kf2 Rc2+ {[#]} 49. Kf1 {Precision: White = 40%, Black = 55%.} (49. Ke1 $1 $16) 1/2-1/2

[Event "1st Gujarat GM Open 2018"]
[Site "Ahmedabad"]
[Date "2018.10.10"]
[Round "8"]
[White "Mrudul Dehankar"]
[Black "Moksh Amit Doshi"]
[Result "1-0"]
[WhiteElo "1996"]
[BlackElo "2224"]
[Annotator "TA"]
[PlyCount "169"]
[EventDate "2018.10.05"]
[EventType "swiss"]
[EventCountry "IND"]
[SourceTitle "playchess.com"]
[Source "ChessBase"]
[SourceQuality "1"]

{[%evp 13,169,-12,-7,-18,-8,-3,-6,-6,8,12,45,-2,-8,-14,-15,-35,-34,-34,-37,-74,-9,-9,0,-9,58,15,57,42,48,58,49,31,79,10,12,-154,0,0,-15,0,0,-30,-18,-26,-25,-18,0,-20,-12,-26,0,-9,-8,-36,-23,-26,-6,-92,-104,-92,0,-117,-127,-115,-122,-160,-154,-243,-100,-138,-122,-427,-358,-340,-306,-428,-408,-413,-405,-397,-385,-339,-10,-13,-13,-14,9,0,0,0,0,-8,0,-8,-8,-8,-8,-15,-8,-47,-48,-48,-48,-48,-48,-50,16,17,20,20,20,0,24,18,17,4,8,0,0,0,18,0,0,0,12,0,0,-8,0,0,8,-8,-8,-8,0,0,0,0,0,0,0,0,0,0,0,-8,51,84,162,162,162,162,889,878,864,864,864,863]} 1. d4 e6 2. Nf3 Nf6 3. Bf4 d5 4. e3 c5 5. c3 Bd6 6. Bg3 {D02: 1 d4 d5 2 Nf3 sidelines, including 2...Nf6 3 g3 and 2...Nf6 3 Bf4} O-O 7. Bd3 (7. Nbd2 Qc7 8. Bd3 Nbd7 9. e4 cxd4 10. cxd4 dxe4 11. Nxe4 Nxe4 12. Bxe4 Nf6 13. Bd3 Qa5+ 14. Ke2 Rd8 15. Bh4 Bd7 16. Bxf6 gxf6 {0-1 (38) So,W (2815)-Carlsen,M (2832) chess.com INT 2017}) 7... Qc7 {LiveBook: 4 Games} 8. Ne5 {The position is equal.} Nc6 (8... Nbd7 {looks sharper.} 9. f4 c4 10. Bc2 b5 11. Nd2 a5) 9. Nxc6 Qxc6 10. Nd2 {[%cal Bb1d2,Bd2f3,Bf3e5][%mdl 32]} c4 11. Bc2 b5 $146 ({Predecessor:} 11... Bd7 12. Nf3 Rfe8 13. Ne5 Qc7 14. Nxd7 Nxd7 15. Bxd6 Qxd6 {0-1 (49) Krajacic,I-Samardzic,A Topusko 2010}) 12. Qe2 Bb7 13. Nf3 b4 14. Ne5 Qc7 15. O-O a5 16. f4 g6 (16... bxc3 $17 17. bxc3 Ne4 18. Bxe4 dxe4) 17. Bh4 $36 {[%mdl 2048] White has the initiative.} Ne8 18. e4 f6 ({Black should play} 18... a4 $11) 19. Ng4 (19. Nxg6 $5 hxg6 20. e5 $11) 19... Be7 20. f5 exf5 $1 21. exf5 g5 22. Qe6+ Kg7 23. Bg3 ({White should try} 23. Bxg5 $16 fxg5 24. Qh6+ Kh8 25. f6 Nxf6 26. Nxf6 Bxf6 27. Rxf6) 23... Bd6 24. Be5 $2 (24. Bxd6 $11 Nxd6 25. Qe3) 24... Bxe5 (24... h5 $17 25. Bxd6 Nxd6) 25. dxe5 Ra6 26. exf6+ Nxf6 27. Qe5 (27. Qe2 {feels hotter.} Re8 28. Qd1 Re7 29. Nxf6 Qb6+ 30. Kh1) 27... Qxe5 28. Nxe5 Rb6 29. Nf3 h6 30. Nd4 {Threatens to win with Ne6+.} Bc8 31. Rfe1 Rf7 32. Re5 Bd7 33. Rae1 bxc3 34. bxc3 Rb2 35. Bb1 (35. Bd1 $11 {keeps the balance.}) 35... Ba4 $1 $17 36. h3 Kg8 (36... Rfb7 $17 37. Ne6+ Kg8) 37. R5e2 (37. Re6 $11) 37... Rfb7 38. Rxb2 Rxb2 39. a3 {[#]} Nh5 $1 40. Ne6 (40. Kh1 $17) 40... Ng3 (40... Nf4 $19 {and Black stays clearly on top.} 41. Nxf4 gxf4) 41. f6 {[#]} Kf7 $1 42. Nc5 $2 {[%mdl 8192]} (42. Nd4 $17 {was the crucial defense.}) 42... Ne2+ 43. Kf1 Nxc3 44. Re7+ Kxf6 45. Re6+ Kg7 46. Bf5 Bc2 47. Rg6+ Kh7 $2 (47... Kf7 $19 48. Bxc2 Rxc2 49. Rxh6 Ra2) 48. Rb6+ $1 $11 Bxf5 49. Rxb2 {[%mdl 4096] Endgame KRN-KBN} d4 50. Rb7+ Kg8 51. g4 Bc2 52. Ke1 Nb1 53. Rd7 d3 $1 54. Ne4 $1 Kf8 55. Rc7 {Black must now prevent Nd2.} Bb3 56. a4 c3 $1 57. Nxc3 d2+ 58. Ke2 {Nd1 is the strong threat.} Nxc3+ 59. Kxd2 Nd5 (59... Ne4+ $15 60. Ke3 Nd6) 60. Rc5 Nf4 61. Rxa5 Nxh3 62. Ra8+ Kg7 63. Ra7+ Kf6 64. Ke3 Be6 65. Ra6 Ke5 66. Ra5+ Bd5 67. Ra6 Be6 68. Ra5+ Kf6 69. Ra6 Nf4 70. Ke4 Ng6 71. a5 {And now Rxe6+! would win.} Ne5 72. Rb6 Nc4 73. Ra6 Nd2+ 74. Ke3 Nb3 75. Kf3 Ke5 76. Ra7 Nd2+ 77. Ke2 Ne4 78. Kf3 Nf6 79. a6 Bxg4+ (79... Bd5+ $11 80. Kg3 Ne4+ 81. Kh2 Kf4) 80. Kg3 $14 Bd7 (80... Bf5 $16) 81. Rc7 $18 Be6 82. Re7 Ne4+ $2 (82... Nd5 83. a7 Nxe7) 83. Kh2 {White is clearly winning.} Kd6 {[#]} 84. Rxe6+ $1 {[%mdl 512]} Kxe6 85. a7 {Precision: White = 43%, Black = 38%.} 1-0

[Event "1st Gujarat GM Open 2018"]
[Site "Ahmedabad"]
[Date "2018.10.10"]
[Round "8"]
[White "Sa, Kannan"]
[Black "Kumar, Gaurav"]
[Result "0-1"]
[WhiteElo "1977"]
[BlackElo "2236"]
[Annotator "TA"]
[PlyCount "90"]
[EventDate "2018.10.05"]
[EventType "swiss"]
[EventCountry "IND"]
[SourceTitle "playchess.com"]
[Source "ChessBase"]
[SourceQuality "1"]

{[%evp 15,90,0,0,0,0,0,5,0,-1,0,0,0,0,0,0,-3,-6,-5,-13,-8,0,-4,6,-2,0,-23,0,0,7,0,0,7,0,0,0,-15,-24,-77,-37,-85,-31,-132,-21,-54,-70,-144,-125,-335,-321,-341,-295,-321,-317,-485,-479,-471,-471,-462,-469,-445,-436,-563,-557,-558,-561,-563,-550,-518,-339,-339,-339,-591,-581,-562,-547,-549,-545]} 1. e4 e5 2. Bc4 Nf6 3. d3 c6 4. Nf3 Be7 5. Nc3 O-O 6. O-O {C24: Bishop's Opening: 2...Nf6} d6 7. h3 b5 8. Bb3 Nbd7 {LiveBook: 3 Games} 9. Be3 Qc7 10. a3 Nc5 $146 ({Predecessor:} 10... a5 11. Re1 Nc5 12. Ba2 Ne6 13. Ne2 Bb7 {½-½ (33) Raschewski,W (2515)-Bertino,G (2470) ICCF corr 1997}) 11. Ba2 Ne6 12. d4 exd4 13. Nxd4 Nxd4 14. Bxd4 Be6 15. Bxe6 fxe6 16. Qe2 e5 17. Be3 Rf7 18. Rad1 Bf8 19. Rd3 Re8 20. Bc1 Nd7 21. Rf3 Nc5 22. Be3 Ne6 23. Rxf7 Qxf7 24. a4 b4 25. Nb1 d5 26. exd5 (26. Qa6 $11) 26... cxd5 $17 27. Rd1 Nc5 (27... d4 $17 28. Bd2 Rc8) 28. b3 {[#]} ({White should play} 28. Bxc5 $15 Bxc5 29. Nd2) 28... Ne4 (28... d4 $1 $17 {[%cal Rd4e3]} 29. Bc1 {[#]} d3 $1 {[%mdl 512]} 30. cxd3 Qxb3) 29. f3 Ng3 $36 {[%mdl 2048] Black is more active.} 30. Qe1 ({White should try} 30. Qb5 $15) 30... Nf5 {White must now prevent ...e4.} 31. Bf2 $2 (31. Qd2 $17) 31... e4 $19 {[%cal Be5e4,Be4e3][%mdl 32] Threatens to win with ...e3.} 32. Qe2 e3 33. Be1 Bc5 34. Kh1 (34. a5 $142) 34... Nd4 35. Rxd4 Bxd4 36. Bxb4 Qf4 37. Be1 Rf8 38. g3 Qxf3+ 39. Qxf3 Rxf3 {[%mdl 4096] Endgame KRB-KBN} 40. Kg2 Rf7 41. c3 e2 42. cxd4 {Nd2 is the strong threat.} Rf1 43. Nd2 $2 (43. Nc3 {is the only way for White.} Rxe1 44. Kf2) 43... Rxe1 {Black is clearly winning.} 44. Kf2 {[#]} Rg1 $1 {[%mdl 512]} 45. Nf3 (45. Kxg1 e1=Q+) 45... Rb1 {Precision: White = 38%, Black = 62%.} 0-1

[Event "1st Gujarat GM Open 2018"]
[Site "Ahmedabad"]
[Date "2018.10.10"]
[Round "8"]
[White "Toshali, V."]
[Black "Niraj, Saripalli"]
[Result "0-1"]
[WhiteElo "1928"]
[BlackElo "2206"]
[Annotator "TA"]
[PlyCount "106"]
[EventDate "2018.10.05"]
[EventType "swiss"]
[EventCountry "IND"]
[SourceTitle "playchess.com"]
[Source "ChessBase"]
[SourceQuality "1"]

{[%evp 9,106,-18,138,133,125,139,185,170,206,216,191,217,228,139,158,150,158,60,72,68,76,76,76,78,73,78,69,66,77,28,54,0,0,-37,-46,-110,-116,-119,-113,-106,-98,-94,0,0,0,0,0,-385,-398,-924,-918,-807,-1035,-1037,-1036,-1031,-1035,-1035,-1014,-1024,-1018,-1013,-1013,-1011,-898,-998,-996,-985,-984,-1004,-948,-1460,-1381,-29982,-29984,-29987,-29986,-29988,-29984,-29984,-29982,-29982,-29980,-29986,-29987,-29990,-29991,-29990,-29987,-29992,-29991,-29991,-29992,-29994,-29995,-29995,-29996,-29997,-29998]} 1. d4 {[%cal Bd2d4,Bd4c5,Bc5c6][%mdl 32]} d5 2. Bf4 Nf6 3. e3 c5 4. c3 (4. Nd2 Nc6 5. Ngf3 e6 6. c3 Be7 7. Ne5 O-O 8. Bd3 Bd6 9. Ndf3 Qc7 10. h4 Ne4 11. Qc2 f6 12. Nxc6 Bxf4 13. exf4 Qxc6 14. dxc5 f5 15. b4 Qc7 16. Ne5 {0-1 (34) Wei,Y (2729)-So,W (2780) chess.com INT 2018}) 4... Bf5 5. Qb3 Qb6 $2 ({Black should play} 5... Qc8 $11) 6. dxc5 $16 {D00: 1 d4 d5: Unusual lines} Qxb3 7. axb3 Nbd7 8. Bb5 {White is clearly better.} Kd8 $146 {[%cal Be8d8,Bd8c7,Bc7b6][%mdl 32]} ({Predecessor:} 8... e5 9. Bxe5 Bxc5 10. b4 Be7 11. Nd2 O-O 12. Bd4 a6 {1-0 (62) Kaunzinger,A (2189)-Schmid,F (2087) Bayern 2002}) 9. c6 e5 10. Bg5 (10. cxd7 exf4 11. exf4 a6 $11) (10. cxb7 $6 Rb8 $14) 10... Nc5 11. cxb7 Rb8 12. Nd2 (12. Rxa7 $6 Bxb1 13. Nf3 Kc7 $11) 12... Kc7 13. Rxa7 (13. b4 $16 Rxb7 14. Bxf6 (14. bxc5 Rxb5 15. Rxa7+ Rb7 $16) 14... gxf6 15. Ra5 (15. bxc5 Rxb5 16. Rxa7+ Kb8 $14) 15... Nd3+ 16. Bxd3 Bxd3 17. f4 (17. Rxd5 Bb5 $16)) 13... Nfe4 $14 14. Ngf3 {Strongly threatening b4.} Kb6 15. Ra8 Bd6 16. Rxb8 $1 Rxb8 17. Be2 $1 f6 {aiming for ...Nxd2.} 18. Bh4 $1 Rxb7 19. Nxe4 Bxe4 20. Nd2 ({Better is} 20. b4 $14 Na4 21. Nd2) 20... Nd3+ $1 $11 21. Bxd3 Bxd3 22. b4 (22. Nf3 $1 $15) 22... Ra7 $17 {[%mdl 1024] Black has strong compensation.} 23. Nb3 Ra2 $1 {And now ...Bc4 would win.} 24. Kd2 e4 $1 25. Kc1 {[#]} Kb5 (25... d4 $1 $17 {[%cal Rd4c3][%mdl 512]} 26. cxd4 (26. Nxd4 Ra1+) 26... Bxb4) 26. Rd1 Ka4 $36 {[%mdl 2048] Black has the initiative.} 27. Nd4 $1 {With the idea Bg3.} Be5 28. Nc6 $2 {[%mdl 8192]} (28. Ne6 $11 Bxc3 29. Nc5+ (29. bxc3 Rc2+ 30. Kb1 Rd2+ 31. Kc1 Rc2+ 32. Kb1 Rd2+ 33. Kc1 Rc2+ $11) 29... Kxb4 30. Nxd3+ exd3 31. Rxd3 (31. bxc3+ $2 Kxc3 32. Kb1 Rb2+ 33. Kc1 d2+ 34. Rxd2 Rxd2 $19) 31... Rxb2 32. Rxd5) 28... Bxc3 $1 $19 {[%cal Ra2a1]} 29. Rxd3 $2 (29. bxc3 Rc2+ 30. Kb1 Rxc3+ 31. Ka1 Rxc6 32. b5) 29... Bxb2+ 30. Kb1 exd3 31. Kxa2 d2 32. Kxb2 d1=Q {( -> ...Qd2+)} 33. Nd4 Kxb4 34. Bg3 Qd2+ 35. Kb1 Qd3+ 36. Kb2 Qf1 37. Kc2 Qxg2 38. Kd2 Qf1 39. Nf5 g6 40. Ne7 Qc4 41. Ke1 d4 {Black mates.} 42. exd4 Qe6+ 43. Kf1 Qxe7 44. d5 f5 45. d6 Qe6 46. h4 {[#]} f4 $1 47. d7 (47. Bxf4 Qc4+) 47... Qxd7 48. Bxf4 Qh3+ 49. Kg1 Qxh4 50. Bg3 Qh3 51. Bh2 Kc4 52. f4 Kd3 53. f5 Ke2 {Precision: White = 49%, Black = 75%.} 0-1